Consultation on a strategy for the private rented sector (Record no. 113918)

MARC details
000 -LEADER
fixed length control field 01348cad a22002295a 4500
001 - CONTROL NUMBER
control field L155917
008 - FIXED-LENGTH DATA ELEMENTS--GENERAL INFORMATION
fixed length control field 120420s2012 xxk f 000 0 eng d
020 ## - INTERNATIONAL STANDARD BOOK NUMBER
International Standard Book Number 9781780457901
035 ## - SYSTEM CONTROL NUMBER
System control number (Sirsi) u155917
041 0# - LANGUAGE CODE
Language code of text/sound track or separate title eng
110 2# - MAIN ENTRY--CORPORATE NAME
Corporate name or jurisdiction name as entry element Scottish Government
9 (RLIN) 6043
245 00 - TITLE STATEMENT
Title Consultation on a strategy for the private rented sector
Medium [electronic resource]
260 ## - PUBLICATION, DISTRIBUTION, ETC.
Place of publication, distribution, etc. Edinburgh
Date of publication, distribution, etc. The Scottish Government
Name of publisher, distributor, etc. 2012
505 2# - FORMATTED CONTENTS NOTE
Formatted contents note Ministerial forward -- Chair's forword -- Chapter one introduction of a vision for private rented sector in Scotland -- Chapter Two growth and investment -- Chapter three better quality -- Chapter Four better informed choices -- How to respond -- Annexe A respond information form - Annexe B scottish private rented sector strategy group membership.
520 ## - SUMMARY, ETC.
Summary, etc. The Scottish Government in conjunction with the Scottish Private Rented Sector Strategy Group sets out draft proposals for the final version of its strategy for the private rented sector. The proposals are consumer focused and are aimed at encouraging consumer engagement.
520 ## - SUMMARY, ETC.
Summary, etc. Consultation closes 10 July 2012.
590 ## - LOCAL NOTE (RLIN)
Local note KA
651 #4 - SUBJECT ADDED ENTRY--GEOGRAPHIC NAME
Geographic name Scotland
Chronological subdivision 1999-
690 ## - LOCAL SUBJECT ADDED ENTRY--TOPICAL TERM (OCLC, RLIN)
Topical term or geographic name as entry element Residential property
9 (RLIN) 6266
856 40 - ELECTRONIC LOCATION AND ACCESS
Uniform Resource Identifier <a href="https://www.scotland.gov.uk/Resource/0039/00391609.pdf">https://www.scotland.gov.uk/Resource/0039/00391609.pdf</a>
Public note View the item free of charge at www.scotland.gov.uk
942 ## - ADDED ENTRY ELEMENTS (KOHA)
Suppress in OPAC 0
Holdings
Withdrawn status Lost status Source of classification or shelving scheme Damaged status Not for loan Home library Current library Shelving location Date acquired Total Checkouts Full call number Barcode Date last seen Copy number Price effective from Koha item type
    Dewey Decimal Classification     Virtual Virtual Online 20/04/2012   ONLINE PUBLICATION 155917-2001 06/08/2019 1 06/08/2019 Book